Tribunals service (Record no. 120885)

MARC details
000 -LEADER
fixed length control field 00797cai a22001815a 4500
001 - CONTROL NUMBER
control field E151578
008 - FIXED-LENGTH DATA ELEMENTS--GENERAL INFORMATION
fixed length control field 101122u xxk g 000 0 eng d
035 ## - SYSTEM CONTROL NUMBER
System control number (Sirsi) u151578
041 0# - LANGUAGE CODE
Language code of text/sound track or separate title eng
110 2# - MAIN ENTRY--CORPORATE NAME
Corporate name or jurisdiction name as entry element Tribunals Service
9 (RLIN) 5898
245 00 - TITLE STATEMENT
Title Tribunals service
Medium [electronic resource]
520 ## - SUMMARY, ETC.
Summary, etc. Website of the Tribunals Service, which was created on 3 April 2006 as an executive agency of the Ministry of Justice. Includes judgements, as well as publications and information on relevant rules and legislation.
590 ## - LOCAL NOTE (RLIN)
Local note KA
651 #4 - SUBJECT ADDED ENTRY--GEOGRAPHIC NAME
Geographic name England and Wales
Chronological subdivision 1543-
690 ## - LOCAL SUBJECT ADDED ENTRY--TOPICAL TERM (OCLC, RLIN)
Topical term or geographic name as entry element MANAGEMENT-DISPUTE AVOIDANCE, MANAGEMENT AND RESOLUTION-DISPUTE MANAGEMENT AND RESOLUTION-TRIBUNALS
856 40 - ELECTRONIC LOCATION AND ACCESS
Uniform Resource Identifier <a href="https://www.tribunals.gov.uk/index.htm">https://www.tribunals.gov.uk/index.htm</a>
Public note View the website at www.tribunals.gov.uk
942 ## - ADDED ENTRY ELEMENTS (KOHA)
Suppress in OPAC 0
Holdings
Withdrawn status Lost status Source of classification or shelving scheme Damaged status Not for loan Home library Current library Shelving location Date acquired Total Checkouts Full call number Barcode Date last seen Copy number Price effective from Koha item type
    Dewey Decimal Classification     Virtual Virtual Online 22/11/2010   WEBSITE 151578-2001 06/08/2019 1 06/08/2019 Online material